000 01374nam a22002897a 4500
999 _c65939
_d65939
005 20240530110851.0
008 200912s2019 ua a f b 000 0dara d
017 _bمصر. دار الكتب
020 _a9789948388661
040 _aEG-CaGPL
_cEG-CaGPL
082 0 4 _221
_a746.92\
_bس ت
100 1 _aستيلمان ، يديدا كالفون
245 1 0 _aتاريخ الازياء العربية :
_bمنذ فجر الاسلام الى العصر الحديث /
_cتاليف يديدا كالفون ستيلمان ؛ تحرير نورمان ستيلمان ؛ ترجمة صديق محمد جوهر ؛ مراجعة عمر الايوبى
250 _aط.2
260 _aابوظبى :
_bدائرة الثقافة والسياحة ، كلمة،
_c2019
300 _a313 ص. ؛
_c24 سم.
504 _aيشتمل على ارجاعات ببليوجرافية
650 0 7 _aالازياء العربية
_xتاريخ
_2qrmak
650 0 7 _aالملابس العربية
_xتاريخ
_yعصر صدر الاسلام
_2qrmak
650 0 7 _aالملابس العربية
_xتاريخ
_yالعصر الحديث
_2qrmak
651 _2qrmak
700 0 _aصديق محمد جوهر
_eمترجم
700 0 _aنورمان ستيلمان
_eمحرر
700 0 _aعمر الايوبى
_eمراجع
942 _2ddc
_cBK